000 00285nam a22001337a 4500
008 181017b xxu||||| |||| 00| 0 eng d
020 _a0721611729
041 _aeng
080 _a617
100 _a6
101 _aANE
245 _aPlexus Anesthesia
_cWinie.A P
942 _2udc
_cBK
999 _c50070
_d50070